000
00256nam a2200109Ia 4500
005
20251222143113.0
008
251222s9999||||xx |||||||||||||| ||spa||
082
_a
361.26/A92
245
0
_a
El PerĂº que Estamos Construyendo
264
_b
Avina
942
_c
LIB
999
_c
11244
_d
11244